|
|
|
|
| LEADER |
01206nam a2200325 4500 |
| 001 |
DLU170181137 |
| 005 |
##20171005 |
| 040 |
# |
# |
|a DLU
|b vie
|
| 041 |
# |
# |
|a vie
|
| 044 |
# |
# |
|a vn
|
| 082 |
# |
# |
|a 615.3
|b HM-T
|
| 100 |
# |
# |
|a H'Ma Nai Yen Touneh.
|
| 245 |
# |
# |
|a Nghiên cứu tài nguyên dược liệu của đồng bào dân tộc Chu Ru thường dùng tại Lâm Đồng :
|b Luận văn Thạc sĩ Sinh thái học /
|c H'Ma Nai Yen Touneh; Nguyễn Thành Mến hướng dẫn.
|
| 260 |
# |
# |
|a Đà Lạt :
|b Trường Đại học Đà Lạt,
|c 2016.
|
| 300 |
# |
# |
|a 70 tr. :
|b minh hoạ, có màu ;
|c 29 cm.
|
| 504 |
# |
# |
|a Tài liệu tham khảo: tr. 62-63.
|
| 650 |
# |
# |
|a Bài thuốc dân gian.
|
| 650 |
# |
# |
|a Cây thuốc
|z Việt Nam.
|
| 650 |
# |
# |
|a Chu Ru (Dân tộc Việt Nam)
|x Đời sống xã hội và tập quán.
|
| 700 |
# |
# |
|a Nguyễn Thành Mến,
|c TS.
|e hướng dẫn.
|
| 915 |
# |
# |
|a Sinh thái học
|b 60420120
|c Thạc sĩ
|d Trường Đại học Đà Lạt
|e Bộ Giáo dục và Đào tạo.
|
| 992 |
# |
# |
|a 0
|
| 994 |
# |
# |
|a DLU
|
| 900 |
# |
# |
|a True
|
| 911 |
# |
# |
|a Nguyễn Thanh Hương
|
| 925 |
# |
# |
|a G
|
| 926 |
# |
# |
|a A
|
| 927 |
# |
# |
|a LA
|
| 980 |
# |
# |
|a Thư viện Trường Đại học Đà Lạt
|